000 00696nam a2200229Ia 4500
003 GCL
008 140319s9999 xx 000 0 ara d
020 _a422208977
040 _aGCL /
_cGCL
082 0 4 _a323.443
_bا ا
100 1 _aابراهيم عيسى
245 1 0 _aاذهب الى فرعون /
_cابراهيم عيسى
260 _aالقاهرة :
_bمكتبة مدبولى ،
_c2003
300 _a341 ص ؛
_c24 سم
650 0 4 _aالديمقراطية
650 0 4 _aالحقوق المدنية
650 0 4 _aالحرية
650 0 4 _aحرية الصحافة
650 0 4 _aحرية التعبير
650 0 4 _aمصر - الاحوال السياسية
942 _2ddc
_cBK
999 _c6152
_d6152